00512nam a2200193Ia 4500008004100000020001800041050001400059100002300073245003100096245004300127245004900170260001500219260001600234260000900250300001400259300002700273300001000300500000800310170918s9999 xx 000 0 und d a9780545443647 bF746 2011 aFosberry, Jennifer aMy name is not Alexander : bjust how big can a little kid dream? / cJennifer Johnston ; pictures by Mike Litwin. aNew York : bScholastic, c2011 aunpaged : bcolored illustration ; c22cm. a570